Estudios, ensayos y lecciones de derecho procesal civil

Tallennettuna:
Bibliografiset tiedot
Päätekijä: Couture, Eduardo Juan (Tekijä)
Aineistotyyppi: Kirja
Kieli:espanja
Julkaistu: Ciudad de México Jurídica Universitaria 2001
Sarja:Clásicos del Derecho Procesal Civil, 2
Aiheet:
Tagit: Lisää tagi
Ei tageja, Lisää ensimmäinen tagi!

MARC

LEADER 00000nam a2200000 a 4500
001 UCI4185
003 CL-VaPUC
008 071228e20010000MX |||||||||||||||||spa|d
020 |a 9968380814 Serie Completa 
020 |a 9968380105 
082 0 4 |a 347  |b COU  |2 21 
100 0 |a Couture, Eduardo Juan  |e author  |9 404214 
245 1 0 |a Estudios, ensayos y lecciones de derecho procesal civil 
300 |a 475 p 
942 |c BK 
945 |d 20071228 00:00:00  |a rbrito 
260 |a Ciudad de México  |b Jurídica Universitaria  |c 2001 
650 0 |a Derecho procesal civil  |9 258071 
650 7 |a DERECHO PROCESAL CONSTITUCIONAL  |2 CL-VaPUC  |9 525852 
650 0 |a Código de procedimiento civil  |9 256305 
650 0 |a Código civil  |9 256135 
650 0 |a Jurisdicción  |9 255090 
650 0 |a Cosa juzgada  |9 255091 
650 0 |a Jueces  |9 256162 
650 7 |a SENTENCIA  |2 CL-VaPUC  |9 381937 
650 0 |a Prueba  |9 256247 
583 |a last modification  |c 20071228 00:00:00  |k Rodrigo Vera 
490 0 |a Clásicos del Derecho Procesal Civil, 2 
999 |c 328167  |d 328165 
952 |0 0  |1 0  |4 0  |6 347_000000000000000_COU_2001  |7 0  |8 A  |9 411959  |a BIBDER  |b BIBDER  |d 2019-11-22  |i 4398874  |o 347 COU 2001  |p 4398874  |r 2023-01-25  |w 2019-11-22  |y BK  |k DER